000
00243nam a2200097Ia 4500
001
646268
005
20250826153639.0
008
250824s9999 xx 000 0 und d
245
0
_a
FELAKET HENRY SERİSİ
_c
Francesca Simon
260
_b
İLETİŞİM
999
_c
646268
_d
646268